000 00872cam a2200241 i 4500
999 _c7465
_d7465
003 OSt
005 20200309092441.0
008 160401s2016 nyu b 000 0 eng
010 _a 2016015773
020 _a9783037784945 (alk. paper)
040 _aDLC
_beng
_cDLC
_erda
_dDLC
042 _apcc
050 0 0 _aNA2541
_b.C544 2016
082 0 0 _a720.47
_223
_bGRA
245 0 0 _aClimates :
_barchitecture and the planetary imaginary /
_cJames Graham, editor with Caitlin Blanchfield, managing editor.
300 _a371 pages
_c24 cm
504 _aIncludes bibliographical references.
505 0 _aEarths -- Political ecologies -- Corporealities -- Enclosures.
650 0 _aArchitecture and climate.
906 _a7
_bcbc
_corignew
_d1
_eecip
_f20
_gy-gencatlg
942 _2ddc